000
00224nam a2200097Ia 4500
008
190216s9999||||xx |||||||||||||| ||und||
100
_a
Anfilov
245
0
_a
Boudikavum Sangeedavum
260
_b
Kerala Basha Inst
942
_c
BK
999
_c
37653
_d
37653